=LDR 00000nam 2200000 4500 =001 INLIS000000000030563 =005 20150502105213.0 =006 =007 =008 iND =035 ##$$0010-061300000030563 =041 ##$$a iND =082 ##$$a 657.076 =090 ##$$a 657.076, sAM, P =100 ##$$a Somarti,Hendi =245 ##$$a Praktika Siklus Akunansi Seri A1 untuk SMK tingkat I, Bidang keahlian bisnis dan manajemen, Hendi Somatri =260 ##$$a 2000 $b Bandung =300 ##$$a 89 hlm., 23 cm =650 ##$$a Manajeen =850 ##$$a NBPNMAT =990 ##$$a 0001/BPAP-NTB/20142015